| 000 | 00000nam##2200000za#4500 |
| 001 | 9.636193 |
| 003 | CaOODSP |
| 005 | 20210624220624 |
| 007 | cr ||||||||||| |
| 008 | 150407|1997||||xxc|||||o f|0| 0 fre|d |
| 040 | |aCaOODSP|bfre |
| 043 | |an-cn--- |
| 086 | 1 |aRC31-74/1997F-PDF |
| 110 | 1 |aCanada.|bCommission des revendications des Indiens. |
| 245 | 10|aEnquête relative à la revendication de la Première Nation de Moosomin concernant les terres cédées en 1909 |h[ressource électronique] |
| 260 | |aOttawa - Ontario : |bCommission des revendications des Indiens |cMars 1997. |
| 300 | |a127p.|bcarte en couleur, références |
| 590 | |a09-07-Supp|b2009-08-17 |
| 691 | 07|aRevendication territoriale|2gcpds |
| 691 | 07|aAffaires autochtones|2gcpds |
| 691 | 07|aTerres autochtones|2gcpds |
| 720 | 1 |aCorcoran, Carole T. |
| 720 | 1 |aPrentice, P. E. James |
| 720 | 1 |aGill, Aurélien |
| 775 | 08|tInquiry into the 1909 reserve land surrender claim of the Moosomin First Nation |w(CaOODSP)9.691892 |
| 856 | 40|ahttp://publications.gc.ca|qPDF|s1266 Ko|uhttps://publications.gc.ca/collections/collection_2009/indianclaims/RC31-74-1997F.pdf |